000
00250nam a2200097Ia 4500
001
1090025
005
20250827002833.0
008
250824s9999 xx 000 0 und d
245
0
_a
DOĞU BATI ARASINDA İSLAM
_c
ALİYA İZETBEGOVİÇ
260
_b
KETEBE
999
_c
1090025
_d
1090025